01369nam a2200301 a 450000100060000000300080000600500170001400800410003103500140007204000420008604100080012808200250013611000570016124501620021826000750038030000230045549000420047850000570052050400400057765000340061765000470065183000190069883000430071794200120076099900170077295201380078995201400092720224BD-RjUL20211209000533.0140227s1955 nyu b 100 0 eng d a(BD-RjUL) aDLCcICUdXBMdOCLdYNGdBD-RjULbeng aeng00221a339.23bCOI 19552 aConference on Research in Income and Wealth.913213510aInput-output analysis :ban appraisal : a report of the National Bureau of Economic Research, New York /cby the Conference on Research in Income and Wealth. aPrinceton :bPrinceton University Press,cc1955 [second printing 1956] ax, 371 p. ;c24 cm1 aStudies in income and wealth ;vv. 18 aPapers delivered at the conference held in Oct. 1952 aIncludes bibliographical references 0aInput-output analysis 962338 0aEconomics, MathematicalvCongresses962339 0vv. 18.9211661 0aStudies in income and wealth ;9139377 2ddccBK c20224d20224 00102ddc40708NFICaRUCLbRUCLcStackd1962-10-22eZeitlingerg52.00l0o339.23 COI 1955r2014-02-27 00:00:00tC-3w2021-12-09yBK 00102ddc40718NFICaRUCLbRUCLcReadingd1962-10-22eZeitlingerg52.00l0o339.23 COI 1956r2017-05-04 00:00:00tC-1w2021-12-09yBK